Loading...
| Science - Biology | 0 | 2 | 0 | 1 | 20 | 114 | 120.00 | 0 | 1 | 0.00 | 3.41 |
| Science - Physics | 0 | 2 | 1 | 1 | 15 | 81 | 93.50 | 0 | 0 | 2.74 | 4.55 |
| Mythology | 0 | 1 | 0 | 0 | 10 | 60 | 60.00 | 0 | 0 | 4.69 | 3.41 |
| Other Academic | 0 | 1 | 0 | 1 | 10 | 117 | 117.00 | 0 | 0 | 0.00 | 6.25 |
| Fine Arts - Other | 0 | 1 | 0 | 0 | 10 | 146 | 146.00 | 0 | 1 | 0.00 | 3.41 |
| Literature - British | 0 | 1 | 0 | 0 | 10 | 87 | 87.00 | 0 | 0 | 2.86 | 4.55 |
| Literature - World/Other | 0 | 0 | 1 | 0 | -5 | 0.00 | 0 | 0 | 0.00 | 0.00 | |
| Literature - American | 0 | 0 | 1 | 0 | -5 | 0.00 | 0 | 0 | 0.00 | 0.00 | |
| Social Science | 0 | 0 | 1 | 0 | -5 | 0.00 | 0 | 0 | 0.00 | 0.00 |